000 00600nam a2200217Ii 4500
001 18186
003 CO-ViMGA
008 241108s9999||||xx |||||||||||||| ||und||
020 _a8437250471
040 _aCO-ViMGA
_bspa
_erda
_cCO-ViMGA
041 0 _aspa
082 0 4 _aI591.5 R83v
100 1 _aCharlotte. Ruffault
_945696
245 1 0 _aLa vida bajo la tierra
264 1 _aMadrid, EspaƱa : Altea, 1988
300 _avolumen
336 _atext
_btxt
_2rdacontent
337 _aunmediated
_bn
_2rdamedia
338 _avolume
_bnc
_2rdacarrier
940 _aidficha_siabuc: 17850. -- ficha_no_siabuc:18186
999 _c40221
_d40221